000 01170nam a2200313 i 4500
003 EG-GICUC
005 20260127105658.0
008 260127s1955 nz ||||fr|||| 000 0 fre d
040 _aEG-GiCUC
_bfre
_cEG-GiCUC
_dEG-GiCUC
_eRda
041 0 _afre
082 0 4 _221
_a341.851
_bKL . C
092 0 4 _221
099 _aLaw1 12 341.851 KL . C 1955
100 1 _aKleu, Frédéric-edouard
_eAuteur
245 1 3 _aConsidérations sur l'arbitrage en droit international privé :
_bprécédées d'une étude de législation, de doctrine et de jurisprudence comparées en la matière /
_cPar Frédéric-edouard Kleu.
264 1 _aBâle :
_bEditions Helbing & Lichtenhahn,
_c1955.
300 _a319 page,
_c 24 cm.
_b
336 _2rda contenu
_a texte
337 _2rda medias
_aOrdinateur
338 _2 transporteur rda
_a Ressource en ligne
490 _aJuristische Fakultät Der Universität Basel
504 _acomprend des références bibliographiques
546 _aTexte en français
650 1 4 _aDroit international privé
_2
651 1 _2
856 4 0 _uhttps://fll.law.cu.edu.eg/fulltext/bks/B12-02041.pdf
905 _a48
942 _2ddc
_cBK
_e21
_n0
999 _c59566
_d59566